000 00599nam a2200241Ia 4500
003 OSt
005 20220924145742.0
006 a|||||r|||| 00| 0
007 ta
008 220923b |||||||| |||| 00| 0 tel d
020 _c4.00
024 _a330077
037 _cTextual
040 _aARTS
_cARTS
_btel
041 _2tel
_atel
082 _a015,1D40,4, 35L7
100 _aKalidas Au.
_9182767
245 0 _aKumereswamy jayanu
260 _c1977
650 _aSANSKRIT LITERATURE
942 _h015,1D40,4, 35L7
_cTEXL
_2CC
999 _c461050
_d461050